000 00203 a2200085 4500
999 _c213250
_d213250
020 _a0451526678
100 _aEugene O'Neill
245 _aFour Plays : Beyond The Horizon
260 _bSignet Classics
_c1998